Guess the Gracie Abrams song with no hints #5 - Statistics

General Stats
  • This quiz has been taken 728 times
  • The average score is 206 of 301
Answer Stats
Lyrics % Correct
I
100%
I,
100%
You
95%
you
95%
a
94%
the
88%
to
85%
me
81%
me,
81%
And
78%
It
78%
it
78%
it,
78%
we
78%
We
78%
your
78%
Go
76%
my
74%
was
74%
was,
74%
so
73%
in
72%
When
72%
of
71%
best
70%
never
67%
were
67%
You're
67%
all
65%
All
65%
I'm
63%
that,
63%
But
62%
but
62%
there
61%
time
60%
too
60%
"good
58%
Now,
58%
now,
58%
now
58%
though
58%
though,
58%
could
56%
worst
55%
riddance"
54%
don't
53%
Gave
53%
out
53%
this
52%
at
51%
can
51%
life,
51%
mind
51%
didn't
50%
crimes
49%
Lost
49%
hard,
48%
fell
47%
how
47%
stay
47%
knew,
46%
come
45%
every
44%
had
44%
I'd
44%
just
44%
over
44%
them
44%
appetite
43%
day
43%
with
43%
addiction
42%
different,
42%
head
42%
internet
42%
lie
42%
little
42%
self
42%
strange
42%
whole
42%
bet
41%
bored
41%
'bout
41%
face
41%
here,
41%
sensitive
41%
still
41%
call
40%
got
40%
negligent
40%
Oh,
40%
times
40%
blocking
39%
look
39%
'Cause
38%
Twenty
38%
angry,
37%
feelings,
37%
resent
37%
deserve
36%
played
36%
tried
36%
alone,
35%
destroyed
35%
difficult
35%
hidden
35%
home
35%
stayed
35%
terrible
35%
Used
35%
While
35%
control
34%
fault
34%
forget
34%
handled
33%
kinda
33%
Promise
33%
silver
33%
stayin'
32%
ahead,
30%
conditionin'
30%
linin'
29%
self-isolate
29%
sitting
29%
No matching quizzes found
Score Distribution
Percent of People with Each Score
Percentile by Number Answered
Your Score History
You have not taken this quiz